Long Player or Literature - Statistics

General Stats
  • This quiz has been taken 26 times
  • The average score is 7 of 15
Answer Stats
Question Answer % Correct
Abbey Road Album
100%
Invisible Circles Album
67%
The Pickwick Papers Book
67%
Between Planets Book
67%
Cobwebs to Catch Flies Book
67%
Three Day Road Book
67%
Outlaw Both
67%
The Piper at the Gates of Dawn Album
33%
Letters Home Album
33%
It's a Shame About Ray Album
33%
Sparkling Cyanide Book
33%
The Sound of Thunder Book
33%
The Wall Both
33%
Nightfall in Middle-Earth Album
0%
The Gilded Palace of Sin Album
0%
No matching quizzes found
Score Distribution
Percent of People with Each Score
Percentile by Number Answered
Your Score History
You have not taken this quiz